The Europa world of learning 2013/ (Record no. 75343)

MARC details
000 -LEADER
fixed length control field 00959nam a22002417a 4500
005 - DATE AND TIME OF LATEST TRANSACTION
control field 20130509142838.0
010 ## - LCCN (DPL NO)
LC control number B-500409-412, B-522538-541
020 ## - INTERNATIONAL STANDARD BOOK NUMBER
International Standard Book Number 9781857436679 (v.1)
020 ## - INTERNATIONAL STANDARD BOOK NUMBER
International Standard Book Number 9781857436686 (v.2)
020 ## - INTERNATIONAL STANDARD BOOK NUMBER
International Standard Book Number 9781857436549 (set)
Terms of availability PD 650.00 Rs. 53131.00
035 ## - SYSTEM CONTROL NUMBER
System control number B-475602-603
037 ## - SOURCE OF ACQUISITION
Stock number dpl
Source of stock number/acquisition KKP/Ven
082 ## - DEWEY DECIMAL CLASSIFICATION NUMBER
Classification number 060
245 ## - TITLE STATEMENT
Title The Europa world of learning 2013/
246 ## - VARYING FORM OF TITLE
Title proper/short title The Europa world of learning 2013
250 ## - EDITION STATEMENT
Edition statement 63rd ed.
260 ## - PUBLICATION, DISTRIBUTION, ETC. (IMPRINT)
Place of publication, distribution, etc London
Name of publisher, distributor, etc Routledge
Date of publication, distribution, etc 2012
300 ## - PHYSICAL DESCRIPTION
Extent 2v. (xiii, 1516p.; xi, 1517-3198p.)
Dimensions 28 cm. (Hb)
500 ## - GENERAL NOTE
General note It includes index
505 ## - FORMATTED CONTENTS NOTE
Formatted contents note v.1-- International organizations; Countries : Afghanistan - Myanmar. v.2-- Countries : Nambia - Zimbabwe.
942 ## - ADDED ENTRY ELEMENTS (KOHA)
Source of classification or shelving scheme Dewey Decimal Classification
Item type English Books
Classification part 060EUR
Holdings
Withdrawn status Lost status Materials specified (bound volume or other part) Not for loan Collection code Home library Current library Date acquired Source of acquisition Cost, normal purchase price Full call number Barcode Copy number Cost, replacement price Koha item type
    V-1 Not For Loan Reference Central Library Central Library 09/05/2013 KKP/BL2979/11.3.13/158/21.2.13/19.3.13 53131.00 060EUR B-500409 1 53131.00 English Books
    V-2 Not For Loan Reference Central Library Central Library 09/05/2013 KKP/BL2979/11.3.13/158/21.2.13/19.3.13 53131.00 060EUR B-500410 1 53131.00 English Books
    V-1 Not For Loan Reference Janak Puri Janak Puri 09/05/2013 KKP/BL2979/11.3.13/158/21.2.13/19.3.13 53131.00 060EUR B-522538 1 53131.00 English Books
    V-2 Not For Loan Reference Janak Puri Janak Puri 09/05/2013 KKP/BL2979/11.3.13/158/21.2.13/19.3.13 53131.00 060EUR B-522539 1 53131.00 English Books
    V-1 Not For Loan Reference Patel Nagar Patel Nagar 09/05/2013 KKP/BL2979/11.3.13/158/21.2.13/19.3.13 53131.00 060EUR B-500411 1 53131.00 English Books
    V-2 Not For Loan Reference Patel Nagar Patel Nagar 09/05/2013 KKP/BL2979/11.3.13/158/21.2.13/19.3.13 53131.00 060EUR B-500412 1 53131.00 English Books
    V-1 Not For Loan Reference Sarojini Nagar Sarojini Nagar 09/05/2013 KKP/BL2979/11.3.13/158/21.2.13/19.3.13 53131.00 060EUR B-522540 1 53131.00 English Books
    V-2 Not For Loan Reference Sarojini Nagar Sarojini Nagar 09/05/2013 KKP/BL2979/11.3.13/158/21.2.13/19.3.13 53131.00 060EUR B-522541 1 53131.00 English Books

© Delhi Public Library
Hit Counter
free hit counter